Normal view
MARC view
Entry Personal Name
001 - CONTROL NUMBER
- control field: 78215
003 - CONTROL NUMBER IDENTIFIER
- control field: OSt
005 - DATE AND TIME OF LATEST TRANSACTION
- control field: 20200214154541.0
008 - FIXED-LENGTH DATA ELEMENTS
- fixed length control field: 200214|| aca||aabn | a|a d
040 ## - CATALOGING SOURCE
- Original cataloging agency: OSt
- Transcribing agency: OSt
100 ## - HEADING--PERSONAL NAME
- Personal name: नेगी,प्रो. गिरधर सिंह
670 ## - SOURCE DATA FOUND
- Source citation: Work cat.: (OSt): नेगी,प्रो. गिरधर सिंह, हिमालय के महासू उपासकाें की अनूठी संस्कृति , 2014









